000 00576nam a2200193 a 4500
001 8550
005 20180713192505.0
008 140415s1992 mx 000 0 spa d
041 _aspa
082 _a350.0092
_bACL
100 1 _aACLE TOMASINI, ALFREDO
245 1 3 _aLA EMPRESA PUBLICA :
_bDESDE FUERA DESDE DENTRO: UN NUEVO ENFOQUE PARA SU PLA...
250 _a1a ed.
260 _aMEXICO :
_bLIMUSA,
_c1992
300 _a156
650 1 4 _aEMPRESAS ESTATALES
700 1 _aJANETTI D., MA. EMILIA
_eprĂ³l.
700 1 _aVEGA HUTCHISON, JUAN MANUEL
_ecoaut.
999 _c8550
_d8550